Booker Prize Winning Authors 2005-present - Statistics

General Stats
  • This quiz has been taken 90 times
  • The average score is 18 of 37
Answer Stats
Hint Answer % Correct
2009 Wolf Hall HIlary Mantel
83%
2012 Bring Up the Bodies Hilary Mantel
83%
2000 The Blind Assassin Margaret Attwood
83%
2019 The Testaments Margaret Attwood
83%
2002 Life of Pi Jan Martel
72%
1997 The God of Small Things Arundhati Roy
68%
1999 Disgrace J.M Coetzee
66%
Girl, Woman, Other Bernardine Evaristo
57%
The English Patient Michael Ondaatje
57%
1990 Possession A.S. Byatt
55%
2023 Prophet Song Paul Lynch
53%
1998 Amsterdam Ian McEwan
51%
2001 True History of the Kelly Gang Peter Carey
51%
2015 A Brief History of Seven Killings Marlon James
49%
1993 Paddy Clarke Ha Ha Ha Roddy Doyle
49%
2017 Lincoln in the Bardo George Saunders
45%
2008 The White TIger Aravind Adiga
43%
2020 Shuggie Bain Douglas Stuart
43%
2024 Orbital Samantha Harvey
43%
2003 Vernon God Little D.B.C Pierre
42%
2013 The Luminaries Eleanor Catton
42%
2018 Milkman Anna Burns
40%
1991 The Famished Road Ben Okri
40%
2005 The Sea John Banville
40%
2011 The Sense of and Ending Julian Barnes
40%
2010 The Finkler Question Howard Jacobson
38%
2016 The Sellout Paul Beatty
38%
2014 The Narrow Road to the Deep North Richard Flanagan
38%
2004 The Line of Beauty Alan Hollinghurst
36%
2007 The Gathering Anne Enright
36%
2021 The Promise Damon Galgut
34%
2006 The Inheritance of Loss Kiran Desai
34%
1995 The Ghost Road Pat Barker
34%
1996 Last Orders Graham Swift
32%
1994 How Late It Was, How Late James Kelman
30%
2022 The Seven Moons of Maali Almeida Shehan Karunatilaka
28%
1992 Sacred Hunger Barry Unsworth
19%
No matching quizzes found
Score Distribution
Percent of People with Each Score
Percentile by Number Answered
Your Score History
You have not taken this quiz